A munkanélküliség szegedi frontja 17 ezernél több ínségest kell segélyezésben részesíteni : a város április végén beszünteti az élelmiszercsomagakciót

Elmentve itt :
Bibliográfiai részletek
Dokumentumtípus: Cikk
Megjelent: 1932-03-05
Sorozat:Délmagyarország 8 No. 53
Kulcsszavak:Munkanélküliség Szeged
Online Access:http://dmarchiv.bibl.u-szeged.hu/60034
LEADER 00551nab a2200145 i 4500
001 delm60034
005 20180927144557.0
008 180927s1932 hu o 0|| hun d
040 |a SZTE Délmagyarország Archívum  |b hun 
041 |a hun 
245 0 2 |a A munkanélküliség szegedi frontja   |h [elektronikus dokumentum] :  |b 17 ezernél több ínségest kell segélyezésben részesíteni : a város április végén beszünteti az élelmiszercsomagakciót 
260 |c 1932-03-05 
300 |a 3 
490 0 |a Délmagyarország  |v 8 No. 53 
695 |a Munkanélküliség Szeged